| 000 | 00440nam a2200169Ia 4500 | ||
|---|---|---|---|
| 008 | 230524s9999 xx 000 0 und d | ||
| 020 | _a9788131501085 | ||
| 082 |
_a621.395 _bUYE |
||
| 100 | _aJohn P.Uyemura | ||
| 245 | 2 | _aA First Course in Digital Systems Design : An Integrated Approach | |
| 250 | _a7TH | ||
| 260 |
_aLONDON _bBrooks _c2007 |
||
| 300 | _aX;495 | ||
| 500 | _aQuantity Number: 262 | ||
| 650 | _aElectronics | ||
| 942 | _cBK | ||
| 999 |
_c630 _d630 |
||